The Japanese economy and Southeast Asia : In the new international context
Gorde:
| Egile nagusia: | |
|---|---|
| Formatua: | Liburua |
| Hizkuntza: | Undetermined |
| Argitaratua: |
Tokyo
Institute of Developing Economies
1977
|
| Gaiak: | |
| Etiketak: |
Etiketa erantsi
Etiketarik gabe, Izan zaitez lehena erregistro honi etiketa jartzen!
|
| Thư viện lưu trữ: | Trung tâm Học liệu Trường Đại học Cần Thơ |
|---|
| LEADER | 00704nam a2200241Ia 4500 | ||
|---|---|---|---|
| 001 | CTU_98041 | ||
| 008 | 210402s9999 xx 000 0 und d | ||
| 082 | |a 330.9 | ||
| 082 | |b M685 | ||
| 100 | |a Shinohara, Miyohei | ||
| 245 | 4 | |a The Japanese economy and Southeast Asia : | |
| 245 | 0 | |b In the new international context | |
| 245 | 0 | |c Shinohara Miyohei | |
| 260 | |a Tokyo | ||
| 260 | |b Institute of Developing Economies | ||
| 260 | |c 1977 | ||
| 650 | |a Southeast Asia | ||
| 650 | |x Commerce | ||
| 904 | |a economic conditions,Điều kiện kinh tế ở Nhật | ||
| 904 | |i Giang | ||
| 904 | |y 1945-1989 | ||
| 904 | |z japan | ||
| 980 | |a Trung tâm Học liệu Trường Đại học Cần Thơ | ||